书目信息 |
| 题名: |
《梦溪笔谈》选注
|
|
| 作者: | ;北京印刷一厂工人理论组 选注 | |
| 分册: | ||
| 出版信息: | 北京 人民文学出版社 1975 |
|
| 页数: | 165页 | |
| 开本: | 19cm | |
| 丛书名: | ||
| 单 册: | ||
| 中图分类: | N092 | |
| 科图分类: | ||
| 主题词: | 自然科学史--中国 | |
| 电子资源: | ||
| ISBN: | ||
| 000 | 00668nam0 2200229 45 | |
| 001 | 0175003098 | |
| 005 | 20060912085304.54 | |
| 010 | @dCNY0.38 | |
| 100 | @a19951005d1975 em y0chiy0121 ea | |
| 101 | 0 | @achi |
| 102 | @aCN@b110000 | |
| 105 | @ay z 000yy | |
| 200 | 12 | @a《梦溪笔谈》选注@Ameng xi bi tan xuan zhu@f北京印刷一厂工人理论组选注 |
| 210 | @a北京@c人民文学出版社@d1975 | |
| 215 | @a165页@d19cm | |
| 605 | @a梦溪笔谈 | |
| 606 | @a自然科学史@y中国 | |
| 690 | @aN092@v3 | |
| 711 | 02 | @a北京印刷一厂工人理论组@Abei jing yin shua yi chang gong ren li lun zu@4选注 |
| 801 | 0 | @aCN@bTSSF@c20060912 |
| 801 | 2 | @aCN@bNLC@c20060725 |
| 905 | @a10447@dN092@e126 | |
| 《梦溪笔谈》选注/北京印刷一厂工人理论组选注.-北京:人民文学出版社,1975 |
| 165页;19cm |
| ISBN :CNY0.38 |
| ● |
| 相关链接 |
|
|
|
|
正题名:《梦溪笔谈》选注
索取号:N092/126
 
预约/预借
| 序号 | 登录号 | 条形码 | 馆藏地/架位号 | 状态 | 备注 |
| 1 | 0438361 | 204383611 | 密集书库/ [索取号:N092/126] | 在馆 | |
| 2 | 0438362 | 204383620 | 密集书库/ [索取号:N092/126] | 在馆 | |
| 3 | 0473882 | 204738828 | 密集书库/ [索取号:N092/126] | 在馆 |